000
00294 a2200121 4500
005
20250414141645.0
082
_a
657.42 KAR
100
_a
KARKHANIS, P. D.
245
_a
An Introduction to Accountancy
260
_a
Kampala,
_c
1970.
300
_a
383p.: table
_b
References
_c
24cm.
942
_2
ddc
_c
BKS
999
_c
1397
_d
1397